000 00663nam a22002177a 4500
003 KOHA_MİRAKIL
005 20260428092609.0
008 260427b tu ||||| |||| 00| 0 tur d
020 _a9789755452920
040 _aTR-AnABB
_btur
_cTR-AnABB
041 _atur
082 _a814.42
_bOZE 2024
100 1 _aÖzer, Ahmet
245 1 0 _aİnsanlık nereye gidiyor /
_cAhmet Özer
260 _aİstanbul :
_btelos yayıncılık,
_c2024
300 _a222 sayfa ;
_c20 cm
500 _aYazar tarafından Prof. Dr. Ruşen Keleş için imzalanmıştır.
650 0 4 _aTürk edebiyatı, deneme
900 _bCan ÇELIK
942 _2ddc
_cBK
999 _c10352
_d10352